Las mil peores poesías de la lengua castellana con nociones de gramática histórica y preceptiva bastante literaria / (Record no. 95654)

MARC details
000 -LEADER
campo de control de longitud fija 00639nam a2200205 i 4500
001 - NÚMERO DE CONTROL
campo de control 95654
003 - IDENTIFICADOR DE NÚMERO DE CONTROL
campo de control ES-MaACL
005 - FECHA Y HORA DE LA ÚLTIMA TRANSACCIÓN
campo de control 20230906181740.0
007 - CAMPO FIJO DE DESCRIPCIÓN FÍSICA--INFORMACIÓN GENERAL
campo de control de longitud fija t|
008 - DATOS DE LONGITUD FIJA--INFORMACIÓN GENERAL
campo de control de longitud fija 050602s1957 sp ||||1| spa d
100 1# - ENTRADA PRINCIPAL--NOMBRE DE PERSONA
Nombre de persona Llopis, Jorge.
9 (RLIN) 72829
245 14 - MENCIÓN DEL TÍTULO
Título Las mil peores poesías de la lengua castellana con nociones de gramática histórica y preceptiva bastante literaria /
Mención de responsabilidad, etc. Jorge Llopis.
250 ## - MENCION DE EDICION
Mención de edición [1ª ed.].
260 ## - PUBLICACIÓN, DISTRIBUCIÓN, ETC.
Lugar de publicación, distribución, etc. Madrid :
Nombre del editor, distribuidor, etc. Taurus,
Fecha de publicación, distribución, etc. 1957.
300 ## - DESCRIPCIÓN FÍSICA
Extensión 352 p. ;
Dimensiones 19 cm.
490 1# - MENCIÓN DE SERIE
Mención de serie El club de la sonrisa
830 0# - PUNTO DE ACCESO ADICIONAL DE SERIE-TÍTULO UNIFORME
Título uniforme El club de la sonrisa
9 (RLIN) 181145
852 ## - LOCALIZACIÓN
Ubicación ES-MaACL
Número de control de estantería C-12909
Sublocalización o colección R.40937
Holdings
Estatus retirado Estado de pérdida Estado de daño No para préstamo Biblioteca de origen Biblioteca actual Ubicación en estantería Fecha de adquisición Fuente de adquisición Total de préstamos Signatura topográfica completa Código de barras Visto por última vez Precio de reemplazo Tipo de ítem Koha
        Biblioteca del Ateneo de Madrid Biblioteca del Ateneo de Madrid Sala Palomar 17/01/2008     C-12909 1099880 23/02/2023 23/02/2023 Libro impreso